Ahomar Din (Record no. 4757)

MARC details
000 -LEADER
fixed length control field 00465cam a2200193ua 4500
001 - CONTROL NUMBER
control field 5600
005 - DATE AND TIME OF LATEST TRANSACTION
control field 20260515113918.0
008 - FIXED-LENGTH DATA ELEMENTS--GENERAL INFORMATION
fixed length control field 131005n ii |||gr||||Z||||||asm
040 ## - CATALOGING SOURCE
Transcribing agency MAIN
082 ## - DEWEY DECIMAL CLASSIFICATION NUMBER
Classification number 954.162
245 11 - TITLE STATEMENT
Title Ahomar Din
Statement of responsibility, etc. By Hiteswar Borboruah
250 ## - EDITION STATEMENT
Edition statement 4Th Ed.
260 ## - PUBLICATION, DISTRIBUTION, ETC.
Place of publication, distribution, etc. Guwahati:
Name of publisher, distributor, etc. Asom Prakashan Parishad,
Date of publication, distribution, etc. 2006.
300 ## - PHYSICAL DESCRIPTION
Extent 577p.
653 ## - INDEX TERM--UNCONTROLLED
Uncontrolled term History
653 ## - INDEX TERM--UNCONTROLLED
Uncontrolled term Ahomar Din
700 1# - ADDED ENTRY--PERSONAL NAME
Personal name Borboruah,Hiteswar,
Relator term Author.
942 ## - ADDED ENTRY ELEMENTS (KOHA)
Koha item type Books
Holdings
Withdrawn status Lost status Damaged status Not for loan Home library Current library Shelving location Date acquired Total checkouts Full call number Barcode Date last seen Copy number Price effective from Koha item type
        Naharkatiya College Library Naharkatiya College Library General stacks 09/19/2020   954.162 | BOR 17585 09/19/2020 1 09/19/2020 Books